Bilecik Bilecik Bilecik Bilecik Bilecik

Hammurabi'nin mührü Babil : (Record no. 3413)

MARC details
000 -BAŞLIK
Sabit Uzunluktaki Kontrol Alanı 01120nam a22003497a 4500
001 - KONTROL NUMARASI
Control Dosyası 0003429
003 - KONTROL NUMARASI KİMLİĞİ
Kontrol Alanı KOHA_MİRAKIL
005 - EN SON İŞLEM TARİHİ ve ZAMANI
Kontrol Alanı 20260207001336.0
007 - FİZİKSEL TANIM SABİT ALAN - GENEL BİLGİ
Sabit uzunluklu kontrol alanı ta
008 - SABİT UZUNLUKTAKİ VERİ ÖGELERİ - GENEL BİLGİ
Sabit Alan 090402b2000 tu |||gr||||#0|||1|tur |
020 ## - ISBN - ULUSLARARASI STANDART KİTAP NUMARASI
Isbn 9757076287
040 ## - KATALOGLAMA KAYNAĞI
Özgün Kataloglama Kurumu TR-BiSEU
Kataloglama Dili tur
Çeviri Kurumu TR-BiSEU
Açıklama Kuralları rda
041 0# - DİL KODU
Metin ya da ses kaydının dil kodu tur
044 ## - YAYINLAYAN/ÜRETEN KURULUŞUN ÜLKE KODU
ISO country code tu
050 ## - SINIFLAMA ve YER NUMARASI
Sınıflama Numarası PT2671.N45
Yer Numarası H36 2000
100 1# - KİŞİ ADI
Yazar Adı (Kişi adı) Kneifel, Hans.
240 10 - TEK BİÇİM BAŞLIK
Tekbiçim Başlık <a href="Babylon : das siegel des Hammurabi">Babylon : das siegel des Hammurabi</a>
Language of a work Türkçe
245 1# - ESER ADI BİLDİRİMİ
Başlık Hammurabi'nin mührü Babil :
Alt Eseradı vb. tarihi roman =
-- Babylon :
-- das siegel des Hammurabi/
Sorumluluk Bildirimi Hans Kneifel ; Hans Kneifel; çeviren Arzu Güloğlu Alarslan.
264 #1 - ÜRERİM, YAYIN, DAĞITIM ve TELİF BİLDİRİMİ
Yayın yeri Ankara :
Yayınlayan Yurt Kitap-Yayın
Yayın tarihi 2000
300 ## - FİZİKSEL TANIMLAMA
Sayfa, Cilt vb. 454 sayfa: harita
336 ## - İÇERİK TÜRÜ
Content type term metin
Content type code txt
Source rdacontent
337 ## - MEDYA TÜRÜ
Media type term aracısız
Media type code n
Source rdamedia
338 ## - TAŞIYICI TÜRÜ
Carrier type term cilt
Carrier type code nc
Source rdacarrier
490 1# - DİZİ BİLDİRİMİ
Dizi Bildirimi Yurt Kitap-Yayın ;
Cilt Numarası 107.
490 1# - DİZİ BİLDİRİMİ
Dizi Bildirimi Tarihi romanlar dizisi ;
Cilt Numarası 16.
650 #0 - KONU BAŞLIĞI EK GİRİŞ - KONU TERİMİ
Konusal terim veya coğrafi ad Alman romanı.
9 (RLIN) 8454
650 #0 - KONU BAŞLIĞI EK GİRİŞ - KONU TERİMİ
Konusal terim veya coğrafi ad Tarihi roman Alman.
9 (RLIN) 8455
830 1# - SERİ EK GİRİŞİ - TEKBİÇİM ESER ADI
Tekbiçim Başlık Yurt Kitap-Yayın ;
Volume number/sequential designation 107.
9 (RLIN) 6710
830 1# - SERİ EK GİRİŞİ - TEKBİÇİM ESER ADI
Tekbiçim Başlık Tarihi romanlar dizisi ;
Volume number/sequential designation 16.
9 (RLIN) 6711
907 ## - LOCAL DATA ELEMENT G, LDG (RLIN)
a Roman
942 ## - EK GİRİŞ ÖGELERİ (KOHA)
Source of classification or shelving scheme Library of Congress Classification
Koha item type Book
Holdings
Materyal Türü Kalıcı Konum Mevcut Konum Raf Yeri Sınıflandırma Kaynağı Edinim Bilgisi Ana Konular Alt Konular Yer Numarası Demirbaş Numarası Fatura Tarihi Maliyet, Alış Fiyatı Maliyet, Yenileme Fiyatı Geri Çekilme Durumu Kayıp Durumu Hasarlı Durumu Kredi için değil Kayıt Tarih Toplam Ödünçverme Son Görülme Tarihi Son Kontrol Tarihi Genel / Bağış Notu
Book Prof. Dr. Azmi Özcan Kütüphanesi Prof. Dr. Azmi Özcan Kütüphanesi Birûni Salonu Library of Congress Classification Bağış DİL VE EDEBİYAT Alman - Hollanda - İskandinav Edebiyatları vb. PT2671.N45 H36 2000 0003429 13/08/2010 4.00 4.00         02/04/2009 8 05/12/2024 05/12/2024 İİBF